• 首页
  • 本馆介绍
  • 公告通知
  • 最新文献
  • 馆藏检索
  • 电子资源
  • 读者导购
  • 参考咨询
  • 我的图书馆
  • 登录
  • 详细信息显示
  • 放入我的书架
  • 预约/预借图书
  • 作者相关作品
  • 分类相关作品
  • 丛书相关作品
  • 出版社相关作品

书目信息

  • 表格格式
  • 工作单格式
  • 卡片格式
题名:
家用小偏方
    
 
作者: 白云升 , 苏学明 编著
分册:  
出版信息: 长春   吉林人民出版社  2005
页数: 122页
开本: 19cm
丛书名:
单 册:
中图分类: R289.5
科图分类:
主题词: 土方 , 验方
电子资源:
ISBN: 7-206-00691-4
000 00824nam0 2200265 45
001 0120066
005 20070709090506.82
010    @a7-206-00691-4@dCNY14.40
092    @aCN@b471208
100    @a20051016d2005 em y0chiy0120 ea
101 0  @achi
102    @aCN@b220000
105    @ay z 000yy
200 1  @a家用小偏方@9jia yong xiao pian fang@f白云升,苏学明编著
205    @a2版
210    @a长春@c吉林人民出版社@d2005
215    @a122页@d19cm
330    @a本书以常见病,多发病和疑难病的治疗为重要内容,同时还收录了美容方和延年寿方,其计500方,其中包括:内科100方,儿科100方,妇科100方,外科40方等。
606 0  @a土方
606 0  @a验方
690    @aR289.5@v4
701  0 @a白云升@9bai yun sheng@4编著
701  0 @a苏学明@9su xue ming@4编著
801  0 @aCN@bLZJBOOK@c20070709
905    @a10447@dR289.5@e217=2
    
    家用小偏方/白云升,苏学明编著.-2版.-长春:吉林人民出版社,2005
    122页;19cm
    
    
    ISBN 7-206-00691-4:CNY14.40
    本书以常见病,多发病和疑难病的治疗为重要内容,同时还收录了美容方和延年寿方,其计500方,其中包括:内科100方,儿科100方,妇科100方,外科40方等。
●
相关链接 在E读中查询图书 在五车中查询图书 在当当中查询图书 在豆瓣中查询图书


正题名:家用小偏方     索取号:R289.5/217=2         预约/预借

序号 登录号 条形码 馆藏地/架位号 状态 备注
1 0555865   205558653   第二样本阅览室/ [索取号:R289.5/217=2] 在馆    
2 0555866   205558662   第三借阅区/ [索取号:R289.5/217=2] 在馆    
3 0555867   205558671   第三借阅区/ [索取号:R289.5/217=2] 在馆    
4 0555868   205558680   第三借阅区/ [索取号:R289.5/217=2] 在馆    
5 0555869   205558699   第三借阅区/ [索取号:R289.5/217=2] 在馆    
6 0555870   205558706   第三借阅区/ [索取号:R289.5/217=2] 在馆    
7 0555871   205558715   第三借阅区/ [索取号:R289.5/217=2] 在馆    
8 0555872   205558724   第三借阅区/ [索取号:R289.5/217=2] 在馆    
唐山师范学院图书馆 欢迎您!
大连网信软件有限公司© 版权所有